000 00656nam a2200253Ia 4500
003 OSt
005 20220918165338.0
006 a|||||r|||| 00| 0
007 ta
008 220917b |||||||| |||| 00| 0 eng d
020 _a413289001
024 _a37,495
037 _cTextual
040 _aARTS
_cARTS
_beng
041 _2eng
_aeng
082 _aO113,2N41,2, 111K9
100 _aHandke P
_923914
245 0 _aKaspar tr by Michael Roloff
260 _aLondon
_bmethuen UK
_c1969
300 _a99p.
_ccm.
650 _aENGLISH LITERATURE
942 _hO113,2N41,2, 111K9
_cTEXL
_2CC
999 _c129438
_d129438